Statystyki dla Państwa należące do NATO

Kliknij tutaj aby rozwiązać quiz!

Ogólne statystyki

  • Ten quiz został rozwiązany 69 razy
    (15 od ostatniego zresetowania)
  • Średni wynik to 30 z 32

Statystyki odpowiedzi

Państwa% Poprawnych
Belgia
100%
Bułgaria
100%
Chorwacja
100%
Estonia
100%
Francja
100%
Grecja
100%
Hiszpania
100%
Kanada
100%
Litwa
100%
Łotwa
100%
Niemcy
100%
Polska
100%
Portugalia
100%
Stany Zjednoczone
100%
Wielka Brytania
100%
Czechy
93%
Dania
93%
Finlandia
93%
Holandia
93%
Luksemburg
93%
Norwegia
93%
Rumunia
93%
Słowacja
93%
Słowenia
93%
Szwecja
93%
Albania
86%
Islandia
86%
Turcja
86%
Węgry
86%
Włochy
86%
Czarnogóra
79%
Macedonia Północna
71%

Rozkład punktacji

Percentyl według liczby udzielonych odpowiedzi

Procent ludzi z każdym wynikiem

Twoja historia wyników

Nie rozwiązałeś tego quizu od ostatniego zresetowania